| 000 | 00551nam a2200193Ia 4500 | ||
|---|---|---|---|
| 005 | 20250508161142.0 | ||
| 008 | 008 250505s9999 xx 000 0 eng d | ||
| 037 | _aTextual | ||
| 040 |
_aFEDL _beng _cFEDL |
||
| 041 |
_aeng _2eng |
||
| 084 |
_a370, SAX _qFEDL |
||
| 100 |
_aSaxena Shakuntala _9299475 |
||
| 245 | 0 | _aEducation as an academic study : A survey of India | |
| 260 |
_aBombay, India _bAsia Publishing House _c1971 |
||
| 300 | _axii,121p. | ||
| 650 | _aEducation | ||
| 942 |
_cTEXL _h370, SAX |
||
| 999 |
_c1368646 _d1368646 |
||